Movies Quiz

Random Movies or Actress Quiz

Harry Potter Cast By Actor : Ultimate : HARD Quiz Stats

 Plays Quiz not verified by Sporcle

Challenge
Share
Tweet
Embed
Score 0/161 Timer 19:00
0 Plays Today
Actor/Actress Character % Correct
Richard Harris, Michael Gambon, and Toby RegboAlbus Percival Wulfric Brian Dumbledore
97.4%
Robbie Coltrane, Martin BayfieldRubeus Hagrid
95.2%
Daniel RadcliffeHarry Potter
93.9%
Alan Rickman, Alec Hopkins, and Benedict ClarkeSeverus Snape
92.3%
Maggie SmithMinerva McGonagall
91.5%
Emma WatsonHermione Granger
88.4%
Warwick DavisFilius Flitwick
87.4%
Emma ThompsonSybill Trelawney
87.2%
Rupert GrintRon Weasley
84.6%
Tom FeltonDraco Malfoy
84.1%
Kenneth BranaghGilderoy Lockhart
83.5%
Katie LuengCho Chang
81.9%
Bonnie WrightGinny Weasley
81.3%
Helena Bonham CarterBellatrix Lestrange
81.2%
Oliver PhelpsGeorge Weasley
81%
James PhelpsFred Weasley
79.8%
Evanna LynchLuna Lovegood
79.5%
Ben Macleod, Robert PattinsonCedric Diggory
78%
Matthew LewisNeville Longbottom
77.5%
Richard Bremmer, Ian Hart, Christian Coulson, Ralph Fiennes, Hero Fiennes-Tiffin, Frank DillaneLord Voldemort
77.2%
Jim BroadbentHorace Slughorn
76.8%
Gary Oldman, James Walters, Rohan GotobedSirius Black
76.4%
Jason IsaacsLucius Malfoy
75.3%
Julie WaltersMolly Weasley
74.2%
Timothy Spall, Charles HughesPeter Pettigrew
70.2%
David Thewlis, James UtechinRemus John Lupin
69.3%
David TennantBarty Crouch Jr
68.7%
Imelda StauntonDolores Umbridge
67.6%
Clémence PoésyFleur Delacour
65.2%
Zoë WanamakerRolanda Hooch
63.6%
Ian HartQuirinus Quirrell,Voldemort
63.3%
Brendon GleesonAlastor 'Mad-Eye' Moody
63.1%
Richard GriffithsVernon Dursley
62.7%
John CleeseNearly Headless Nick
62.6%
Bill NighyRufus Scrimgeour
59.6%
Fiona ShawPetunia Dursley
59.3%
Devon MurraySeamus Finnigan
59%
Natalia TenaNymphadora Tonks
57.8%
Stanislav IanevskiViktor Krum
57.2%
Jennifer Smith, Jessie CaveLavender Brown
57.1%
Alfred EnochDean Thomas
53.1%
Helen McCroryNarcissa Malfoy
48.5%
Richard Fish, Domhnall GleesonBill Weasley
48%
David BradleyArgus Filch
47.6%
Mark WilliamsArthur Weasley
47.5%
Sharon Sandu, Afshan AzadPadma Patil
46.5%
Sitara Shah, Shefali ChowdhuryParvati Patil
46.5%
Sean BiggerstaffOliver Wood
46%
Jamie WaylettVincent Crabbe
45.7%
John HurtMr. Ollivander
45.4%
Frances de la TourOlympe Maxime
45%
Miranda RichardsonRita Skeeter
44.7%
Miriam MargoylesPomona Sprout
44.4%
Harry MellingDudley Dursley
44.3%
Actor/Actress Character % Correct
Elizabeth Spriggs, Dawn FrenchFat Lady
41.1%
Elanor ColumbusSusan Bones
40.4%
Joshua HerdmanGregory Goyle
37.2%
Geraldine Somerville, Susie Shinner, Ellie Darcey-Alden Lily Potter
36.9%
Rhys IfansXenophilius Lovegood
36.9%
Emily Dale, Georgina LeonidasKatie Bell
35.6%
Jim McManus, Ciarán HindsAberforth Dumbledore
34.4%
Gemma JonesPoppy Pomfrey
34.3%
Pam FerrisAunt Marge
33.9%
Michael Byrne, Jamie Campbell BowerGellert Grindelwald
32.3%
Shirley HendersonMoaning Myrtle
32.3%
Danielle Tabor, Tiana BenjaminAngelina Johnson
31.1%
Chris RankinPercy Weasley
30.9%
Freddie StromaCormac McLaggen
30.6%
Toby JonesDobby the house-elf
30%
Roger Lloyd-PackBarty Crouch Sr
29.8%
Carolyn PicklesCharity Burbage
28.8%
Predrag Bjelac Igor Karkaroff
27.3%
Genevieve Gaunt, Scarlett ByrnePansy Parkinson
26%
Hugh MitchellColin Creevey
25.7%
Adrian Rawlins, Robbie JarvisJames Potter
25.5%
Luke YoungbloodLee Jordan
24.8%
Robert HardyCornelius Oswald Fudge
24.3%
Robert KnoxMarcus Belby
24.1%
Charlotte SkeochHannah Abbott
23.8%
Nina Young, Kelly MacdonaldGrey Lady
23.8%
Julie ChristieMadam Rosmerta
23.4%
Dave LegenoFenrir Greyback
23%
Nick MoranScabior
20.2%
Lenny HenryShrunken Head
19.9%
Alfred BurkeArmando Dippet
19.2%
George HarrisKingsley Shacklebolt
18.7%
Anna ShafferRomilda Vane
17.7%
William MellingNigel Wespurt
17.6%
Jessica Hynes, Sophie ThompsonMafalda Hopkirk
17.4%
Leslie PhillipsSorting Hat
16.1%
Edward RandellJustin Finch-Fletchley
16%
Leilah Sutherland, Rochelle DouglasAlicia Spinnet
15.7%
Louis CordiceBlaise Zabini
15.7%
Jamie YeatesMarcus Flint
15%
Eric SykesFrank Bryce
14.5%
Apple BrookWilhelmina Grubbly-Plank
14.4%
Isabella LaughlandLeanne
14.3%
Gemma PadleyPenelope Clearwater
13.9%
Helen StuartMillicent Bulstrode
13.6%
Louis Doyle, Jamie MarksErnie Macmillian
13.6%
Jeff RawleAmos Diggory
13.5%
Alex CrockfordCharlie Weasley
13.2%
Henry Lloyd-HughesRoger Davies
13.1%
Sally MortemoreIrma Pince
12.9%
Peter MullanYaxley
12.7%
Arben BajraktarajAntonin Dolohov
12.6%
Heather Bleasdale, Michelle FairleyMrs. Granger
12.4%
Lee InglebyStanley Shunpike
12.2%
Actor/Actress Character % Correct
Susie ToaseAlecto Carrow
12.2%
Ralph IneasonAmycus Carrow
12.1%
Guy HenryPius Thicknesse
11.5%
Angelica Mandy Gabrielle Delacour
11.3%
Nick ShirmZacharias Smith
11.1%
Steffan RhodriReg Cattermole
11.1%
David O'HaraAlbert Runcorn
10.8%
Will TheakstonTerence Higgs
10.6%
Hazel DouglasBathilda Bagshot
10.5%
Timothy Bateson, Simon McBurney Kreacher
10.3%
David ChurchyardMiles Bletchley
10.2%
Scot FearnAdrian Pucey
10.2%
Andy LindenMundungus 'Dung' Fletcher
9.6%
Kate FleetwoodMary Cattermole
9.4%
Julian GloverAragog
9.4%
Peter BestWalden Macnair
8.8%
Rade ŠerbedžijaGregorovitch
8.6%
Kathryn HunterArabella Doreen Figg
8.3%
Rod HuntThorfinn Rowle
8.1%
Peter Cartwright, David RyallElphias Doge
8%
Sian ThomasMadam Amelia Bones
8%
Paul Whitehouse Sir Cadogan
7.9%
Derek Deadman, Jim TavareTom the barman
7.9%
Ray FearonFirenze
7.6%
Richard LeafJohn Dawlish
7.5%
Tom MoorcraftRegulus Black
7.4%
Tav MacDougallTravers
7.2%
Simon Fisher-BeckerFat Friar
7.1%
Ryan NelsonSlightly Creepy Boy
6.8%
Terence BaylerBloody Baron
6.7%
Tom Knight, Ian KellyMr. Granger
6.6%
Brigitte MillarEmmeline Vance
6.3%
Hebe Beardsall Ariana Dumbledore
6.1%
Daisy HaggardMinistry of Magic Lift Voice
6.1%
Edward Tudor-PoleMr Borgin
5.8%
Jimmy GardnerErnie Prang
5.8%
David BrettDedalus Diggle
5.7%
Jim NortonMr. Mason
5.6%
Veronica CliffordMrs. Mason
5.5%
Jason BoydPiers Polkiss
5.2%
James PaytonFrank Longbottom
5.1%
Tony MaudsleyGrawp
5.1%
Matyelok GibbsAuntie Muriel
5%
Amelda BrownMrs. Cole
4.6%
Christopher RithinDennis
4.2%
Nicholas BlaneBob
4.2%
Richard Macklin Malcolm
4.2%
Jason PiperBane
4.1%
Jamie WolpertNewspaper Vendor
3.8%
John Atterbury Phineas Nigellus Black
3.8%
Ninette FinchAugusta Longbottom
3.6%
Robert Wilfort Bozo
3.5%
Roger C. BailyBarnabus Cuffe
3.5%

You're not logged in!

Compare scores with friends on all Sporcle quizzes.
Join for Free
OR
Log In

You Might Also Like...

Show Comments

Extras

Top Quizzes Today


Score Distribution

Your Account Isn't Verified!

In order to create a playlist on Sporcle, you need to verify the email address you used during registration. Go to your Sporcle Settings to finish the process.

Report this User

Report this user for behavior that violates our Community Guidelines.

Details: